|
|
|
|
| LEADER |
00000nam a22000007a 4500 |
| 005 |
20180720212048.0 |
| 007 |
cr|||| |||| |
| 008 |
180720t2012 mx |||||s|||| 00||0 spa d |
| 020 |
|
|
|a 978-607-8359-43-1
|
| 035 |
|
|
|a 21876
|
| 040 |
|
|
|a vLex
|
| 090 |
|
|
|c 8067
|d 8067
|
| 100 |
1 |
|
|a Maldonado Guzmǹ, Gonzalo
|
| 245 |
1 |
0 |
|a Aplicacin̤ del marketing en las pymes de Aguascalientes
|h [Recurso electrn̤ico] /
|c Gonzalo Maldonado Guzmǹ, Mara̕ del Carmen Martn̕ez Serna, Luis Aguilera Enrq̕uez, Martha Gonzl̀ez Adame
|
| 256 |
|
|
|a Servicio en ln̕ea
|
| 260 |
|
|
|a Aguascalientes:
|b Universidad Autn̤oma de Aguascalientes,
|c 2012
|
| 300 |
|
|
|a 1 recurso electrn̤ico (202 p.)
|
| 506 |
1 |
|
|a Disponible solo en los productos indicados
|d vLex Global
|d vLex Global (Academic Edition, excluding Law Schools)
|d vLex Global (U.S. Academic Edition, Law Schools)
|d vLex Global (U.S. Academic Edition, excluding Law Schools)
|d vLex Global (Academic Edition, Law Schools)
|
| 650 |
0 |
4 |
|a Economa̕ y negocios
|z Mx̌ico
|
| 700 |
1 |
|
|a Martn̕ez Serna, Mara̕ del Carmen
|
| 700 |
1 |
|
|a Aguilera Enrq̕uez, Luis
|
| 700 |
1 |
|
|a Gonzl̀ez Adame, Martha
|
| 740 |
0 |
|
|a vLex Libros (Servicio en ln̕ea)
|
| 856 |
4 |
0 |
|u http://vlex.com/source/aplicacion-marketing-pymes-aguascalientes-21876
|z Acceso restringido
|
| 942 |
|
|
|c BOOK
|
| 999 |
0 |
|
|a Economy and business
|